| 000 | 01147nam a22002655i 4500 | ||
|---|---|---|---|
| 001 | 167405 | ||
| 003 | ES-MaACL | ||
| 005 | 20230906213523.0 | ||
| 008 | 971104m18811882sp a |||| | spa d | ||
| 040 |
_aAR _bspa _cAR |
||
| 100 | 1 |
_aViciana, Martín de. _9133672 |
|
| 245 | 1 | 0 |
_aSegunda [-tercera] parte de la Crónica de Valencia / _ccompuesta por Martin de Viciana ; publicala nuevamente la Sociedad Valenciana de Bibliofilos. |
| 250 | _a[Reimp.]. | ||
| 260 |
_aValencia : _b[s.n.], _c1881-1882 ( _fImp. de Manuel Alufre) |
||
| 300 |
_a2 v. (XXIX, 198 p.; 420 p.) : _bil. ; _c33 cm. |
||
| 505 | 8 | _aApéndices: p. 171-189 | |
| 650 | 4 |
_aMilitares- _zValencia (Reino)- _yS.XVII- _xGenealogía. _9157823 |
|
| 651 | 4 |
_aValencia (Reino)- _xHistoria. _99504 |
|
| 651 |
_aComunidad Valenciana- _xHistoria- _y1519-1523, Germanías. _9163469 |
||
| 655 | 7 |
_2tgfbne _9226495 _aFacsímiles |
|
| 710 | 2 |
_aSociedad Valenciana de Bibliófilos. _9134905 |
|
| 852 |
_aES-MaACL _jG-5421-22 _z-- Enc. hol. _z-- Tirada de 200 ejemplares. Ejemplar nº 84: Ateneo Científico, Literario y Artístico de Madrid |
||
| 942 | _2udc | ||
| 999 |
_c167405 _d167405 |
||